00438nam a2200145Ia 4500008004100000020001500041041001200056082001600068100002600084245010800110260003300218300000800251650001600259700001700275221030s9999 xx 000 0 und d a8185015961 aEnglish a105.23bHop aJ. E. Hopcroft ( PR ) 0aIntroduction to Automata Theory, Languages & Computation ( PR )cby J. E. Hopcroft ( PR ), J. D. Ullman bNarosa Pub.aNew Delhic1999 a418 aBE Computer aJ. D. Ullman